[Event "World Rapid Team 2023"]
[Site "Dusseldorf GER"]
[Date "2023.08.26"]
[Round "1.9"]
[Board "1"]
[White "So, Wesley"]
[Black "Bologan, Victor"]
[Result "1-0"]
[WhiteTitle "GM"]
[BlackTitle "GM"]
[WhiteElo "2769"]
[BlackElo "2574"]
[WhiteTeam "WR Chess"]
[BlackTeam "FIDE Management Board"]
[WhiteFideId "5202213"]
[BlackFideId "13900048"]
[EventDate "2023.08.26"]

1. e4 e5 2. Nf3 Nc6 3. Bc4 Nf6 4. Ng5 d5 5. exd5 Na5 6. Bb5+ c6 7. dxc6 bxc6 8.
Bd3 Bd6 9. O-O h6 10. Ne4 Nxe4 11. Bxe4 O-O 12. d3 f5 13. Bf3 e4 14. dxe4 fxe4
15. Be2 Qc7 16. h3 Qe7 17. Qd4 Rb8 18. a3 c5 19. Qd5+ Kh8 20. Nc3 Bf5 21. Be3
Rbd8 22. Rad1 Bh2+ 23. Kxh2 Rxd5 24. Rxd5 Nb7 25. g3 Qe6 26. h4 Bg4 27. Bxg4
Qxg4 28. Re5 Qg6 29. Nxe4 Re8 30. Rxe8+ Qxe8 31. Nc3 Qg6 32. Rc1 Qf5 33. b4 cxb4
34. axb4 a6 35. Ne2 Nd6 36. c4 Qg4 37. Nd4 Ne4 38. c5 g5 39. hxg5 Nxg5 40. c6
Nf7 41. Bf4 Nd6 42. Bxd6 Qxd4 43. Be5+ Qxe5 44. c7 1-0

[Event "World Rapid Team 2023"]
[Site "Dusseldorf GER"]
[Date "2023.08.26"]
[Round "1.9"]
[Board "2"]
[White "Short, Nigel D"]
[Black "Abdusattorov, Nodirbek"]
[Result "1/2-1/2"]
[WhiteTitle "GM"]
[BlackTitle "GM"]
[WhiteElo "2592"]
[BlackElo "2725"]
[WhiteTeam "FIDE Management Board"]
[BlackTeam "WR Chess"]
[WhiteFideId "400025"]
[BlackFideId "14204118"]
[EventDate "2023.08.26"]

1. e4 c5 2. Nc3 Nc6 3. g3 g6 4. Bg2 Bg7 5. d3 Rb8 6. Be3 d6 7. Qd2 b5 8. Nge2 b4
9. Nd1 h5 10. h3 Nf6 11. f4 Nd7 12. O-O Nd4 13. a3 b3 14. c3 Nc2 15. Rc1 Nxe3
16. Nxe3 Ba6 17. Rcd1 h4 18. g4 e6 19. g5 Bb7 20. Kh1 Qe7 21. Ng4 Kd8 22. d4 Kc7
23. Qe3 Nb6 24. Nc1 c4 25. Ne2 Rbd8 26. Qf2 Kb8 27. Ng1 Na4 28. Rde1 Bc6 29. Re2
Qb7 30. Rfe1 Rdf8 31. Nf3 Nb6 32. Nxh4 Nd7 33. Qg3 Qc7 34. Kh2 Rh5 35. Nf3 Rfh8
36. Nd2 Bb7 37. Rf1 Ka8 38. f5 Rxg5 39. fxe6 Ne5 40. dxe5 Bxe5 41. Rf4 d5 42.
Ref2 f5 43. exf5 gxf5 44. Kg1 Rgg8 45. e7 Qxe7 46. Qe3 fxg4 47. hxg4 Rxg4 48.
Nf1 Rgg8 49. Re2 d4 50. cxd4 Bxd4 51. Qxd4 Qxe2 52. Rf8+ Rxf8 53. Bxb7+ Kb8 54.
Qd6+ Kxb7 55. Qd7+ Kb6 56. Qd6+ Kb7 57. Qd7+ Kb6 58. Qd6+ Kb5 59. Qd5+ 1/2-1/2

[Event "World Rapid Team 2023"]
[Site "Dusseldorf GER"]
[Date "2023.08.26"]
[Round "1.9"]
[Board "3"]
[White "Nepomniachtchi, Ian"]
[Black "Al-Mudahka, Mohd"]
[Result "1-0"]
[WhiteTitle "GM"]
[BlackTitle "GM"]
[WhiteElo "2779"]
[BlackElo "2542"]
[WhiteTeam "WR Chess"]
[BlackTeam "FIDE Management Board"]
[WhiteFideId "4168119"]
[BlackFideId "12100030"]
[EventDate "2023.08.26"]

1. e4 c5 2. Nf3 Nc6 3. Bb5 g6 4. O-O Bg7 5. Re1 Nf6 6. Bxc6 bxc6 7. e5 Nd5 8. c4
Nb6 9. b3 O-O 10. d4 cxd4 11. Qxd4 f6 12. Qh4 fxe5 13. Nxe5 Qc7 14. Bh6 Bf6 15.
Qg3 Re8 16. Nc3 d5 17. Bf4 Qb7 18. Nxg6 1-0

[Event "World Rapid Team 2023"]
[Site "Dusseldorf GER"]
[Date "2023.08.26"]
[Round "1.9"]
[Board "5"]
[White "Hou, Yifan"]
[Black "Reizniece-Ozola, Dana"]
[Result "1-0"]
[WhiteTitle "GM"]
[BlackTitle "WGM"]
[WhiteElo "2628"]
[BlackElo "2268"]
[WhiteTeam "WR Chess"]
[BlackTeam "FIDE Management Board"]
[WhiteFideId "8602980"]
[BlackFideId "11601124"]
[EventDate "2023.08.26"]

1. e4 g6 2. d4 Bg7 3. Nc3 d6 4. Be3 a6 5. h4 h5 6. Nh3 b5 7. Ng5 Bb7 8. g4 hxg4
9. Qxg4 Nf6 10. Qg1 e6 11. O-O-O Qe7 12. e5 Nd5 13. Nxd5 Bxd5 14. Bg2 Bxg2 15.
Qxg2 d5 16. h5 gxh5 17. Rdg1 Bf8 18. Qf3 Nc6 19. Rxh5 Rxh5 20. Qxh5 O-O-O 21.
Nxf7 Rd7 22. Ng5 Nd8 23. f4 Qb4 24. Qe8 Qe7 25. Qg6 Kb7 26. Rh1 Qg7 27. Qd3 Qg8
28. f5 exf5 29. Qxf5 Rg7 30. e6 Kc6 31. Rf1 Bd6 32. Nf7 Nxf7 33. exf7 Qh8 34.
f8=Q Bxf8 35. Qxf8 Qh3 36. Qc5+ Kb7 37. Qxd5+ c6 38. Qf3 1-0

[Event "World Rapid Team 2023"]
[Site "Dusseldorf GER"]
[Date "2023.08.26"]
[Round "1.10"]
[Board "1"]
[White "Donchenko, Alexander"]
[Black "Dominguez Perez, Leinier"]
[Result "1-0"]
[WhiteTitle "GM"]
[BlackTitle "GM"]
[WhiteElo "2684"]
[BlackElo "2739"]
[WhiteTeam "Germany and Friends"]
[BlackTeam "Chess Pensioners"]
[WhiteFideId "24603295"]
[BlackFideId "3503240"]
[EventDate "2023.08.26"]

1. Nf3 Nf6 2. g3 c5 3. c4 Nc6 4. Nc3 e6 5. d4 d5 6. cxd5 exd5 7. Bg2 cxd4 8.
Nxd4 Bc5 9. Nxc6 bxc6 10. O-O O-O 11. Na4 Bb6 12. Qc2 Ba6 13. Rd1 Re8 14. e3 h5
15. Bd2 h4 16. Nxb6 Qxb6 17. Rac1 Rac8 18. Bh3 Rc7 19. Qa4 Re4 20. Qa3 Rce7 21.
Ba5 Qb7 22. Bd8 Re8 23. Bxf6 gxf6 24. Qc3 Qe7 25. Qxc6 Be2 26. Rxd5 Rxe3 27. Rd7
Qe5 28. fxe3 Qxe3+ 29. Kg2 Bh5 30. Rf1 Bg6 31. Bf5 Qe2+ 32. Kg1 Qe3+ 33. Kh1
Bxf5 34. Rxf5 h3 35. Rd1 Re4 36. Qxf6 1-0

[Event "World Rapid Team 2023"]
[Site "Dusseldorf GER"]
[Date "2023.08.26"]
[Round "1.10"]
[Board "2"]
[White "Svidler, Peter"]
[Black "Bluebaum, Matthias"]
[Result "1-0"]
[WhiteTitle "GM"]
[BlackTitle "GM"]
[WhiteElo "2688"]
[BlackElo "2670"]
[WhiteTeam "Chess Pensioners"]
[BlackTeam "Germany and Friends"]
[WhiteFideId "4102142"]
[BlackFideId "24651516"]
[EventDate "2023.08.26"]

1. c4 e6 2. g3 d5 3. Bg2 Nf6 4. Nf3 Nc6 5. cxd5 exd5 6. O-O Bd6 7. Nc3 O-O 8. b3
a6 9. Bb2 Re8 10. Rc1 Bf5 11. d3 h6 12. Re1 Bh7 13. a3 Qe7 14. b4 Rad8 15. Qb3
Nb8 16. e4 dxe4 17. Nxe4 Nxe4 18. dxe4 Qd7 19. e5 Bf8 20. Nd4 c6 21. e6 fxe6 22.
Bh3 Kh8 23. Nxe6 Qf7 24. Qe3 Qh5 25. Qc3 Rd3 26. Nxg7 Rxe1+ 27. Rxe1 Qf7 28.
Nh5+ Rxc3 29. Bxc3+ Kg8 30. Be6 Nd7 31. Bxd7 Bf5 32. Nf6+ Qxf6 33. Bxf6 Bxd7 34.
Be7 Bg7 35. Bc5 Bf6 36. f3 Kf7 37. Kf2 Be6 38. a4 Bc3 39. Rd1 Bd5 40. a5 Ke6 41.
Rd3 1-0

[Event "World Rapid Team 2023"]
[Site "Dusseldorf GER"]
[Date "2023.08.26"]
[Round "1.10"]
[Board "3"]
[White "Svane, Rasmus"]
[Black "Kramnik, Vladimir"]
[Result "1/2-1/2"]
[WhiteTitle "GM"]
[BlackTitle "GM"]
[WhiteElo "2631"]
[BlackElo "2753"]
[WhiteTeam "Germany and Friends"]
[BlackTeam "Chess Pensioners"]
[WhiteFideId "4657101"]
[BlackFideId "4101588"]
[EventDate "2023.08.26"]

1. Nf3 d5 2. g3 g6 3. Bg2 Bg7 4. d4 Nf6 5. O-O O-O 6. c4 dxc4 7. Na3 c5 8. dxc5
c3 9. Nb5 Na6 10. Nxc3 Nxc5 11. Be3 Nfe4 12. Nxe4 Nxe4 13. Bd4 Bxd4 14. Qxd4
Qxd4 15. Nxd4 Rd8 16. Rfd1 Nd6 17. Nb5 Bg4 18. Nxd6 Rxd6 19. Rxd6 exd6 20. Rc1
Rc8 21. Rxc8+ Bxc8 22. f4 Kf8 23. Kf2 Ke7 24. Ke3 f6 25. Be4 b6 26. Kd4 Be6 27.
a3 Bf7 28. Bd5 Be8 29. e4 h6 30. h4 g5 31. Bc4 gxf4 32. gxf4 Bc6 33. Bd5 Ba4 34.
Bb7 Bb3 35. Ba6 Be6 36. Bd3 Bc8 37. Bc4 Bd7 38. b3 Bc6 39. Bg8 Bb7 40. Bd5 Bc8
41. Bc6 Be6 42. b4 Bb3 43. Bb5 Be6 44. Bc6 Bb3 45. Bd5 Ba4 46. Bc4 Bc6 47. Bd3
Ke6 48. b5 Bd7 49. f5+ Ke7 50. Kd5 Be8 51. Be2 Kd7 52. Kd4 Bf7 53. Bc4 Bh5 54.
Bd3 Bd1 55. Bc4 Bc2 56. Be6+ Kc7 57. Bc4 Ba4 58. Kd5 Kd7 59. Kd4 Bc2 60. Bd5 Bd1
61. Be6+ Kc7 62. Bf7 Ba4 63. Bc4 Kd8 64. Be2 Kd7 65. Bd3 Bb3 66. Bc4 Bd1 67. Bd3 1/2-1/2

[Event "World Rapid Team 2023"]
[Site "Dusseldorf GER"]
[Date "2023.08.26"]
[Round "1.10"]
[Board "4"]
[White "Sadvakasov, Darmen"]
[Black "Kollars, Dmitrij"]
[Result "1/2-1/2"]
[WhiteTitle "GM"]
[BlackTitle "GM"]
[WhiteElo "2629"]
[BlackElo "2628"]
[WhiteTeam "Chess Pensioners"]
[BlackTeam "Germany and Friends"]
[WhiteFideId "13700464"]
[BlackFideId "12909572"]
[EventDate "2023.08.26"]

1. e4 e5 2. Nf3 Nc6 3. Bb5 a6 4. Ba4 Nf6 5. O-O Bc5 6. d3 b5 7. Bb3 d6 8. c3 O-O
9. h3 Bb6 10. Nbd2 Ne7 11. Nh4 c5 12. Re1 Be6 13. Nf1 c4 14. Bc2 cxd3 15. Bxd3
Ng6 16. Nxg6 hxg6 17. Be3 Rb8 18. Qd2 d5 19. Bxb6 Rxb6 20. exd5 Qxd5 21. Qe3 Rd6
22. Bc2 Nd7 23. Bb3 Qc6 24. Bxe6 Rxe6 25. Qe4 Qxe4 26. Rxe4 Nc5 27. Ree1 Na4 28.
Re2 Rd8 29. Rae1 f6 30. f4 e4 31. Rxe4 Rxe4 32. Rxe4 Nxb2 33. Re6 a5 34. Rc6 Rd1
35. Rc5 Nc4 36. Kf2 Nd6 37. Ne3 Rc1 38. Kf3 f5 39. g4 Nc4 40. Nd5 Rh1 41. gxf5
gxf5 42. Ne7+ Kf7 43. Nxf5 Rxh3+ 44. Kg4 Rxc3 45. Rxb5 Rc2 46. a4 Kf6 47. Ng3
Rg2 48. Rc5 Nd2 49. Rxa5 Nf1 50. Kf3 Rxg3+ 51. Kf2 Rg4 52. Kxf1 Rxf4+ 1/2-1/2

[Event "World Rapid Team 2023"]
[Site "Dusseldorf GER"]
[Date "2023.08.26"]
[Round "1.10"]
[Board "5"]
[White "Bashylina, Luisa"]
[Black "Houska, Jovanka"]
[Result "0-1"]
[WhiteTitle "WFM"]
[BlackTitle "IM"]
[WhiteElo "2152"]
[BlackElo "2340"]
[WhiteTeam "Germany and Friends"]
[BlackTeam "Chess Pensioners"]
[WhiteFideId "12983292"]
[BlackFideId "405094"]
[EventDate "2023.08.26"]

1. d4 d5 2. c4 e6 3. Nc3 Nf6 4. cxd5 exd5 5. Bg5 c6 6. e3 h6 7. Bh4 Be7 8. Bd3
O-O 9. Nge2 Re8 10. O-O a5 11. Qc2 Na6 12. a3 Nc7 13. f3 Ne6 14. Rae1 b5 15. Bf2
Ba6 16. h3 Qb8 17. e4 b4 18. axb4 axb4 19. Nd1 b3 20. Qd2 Qb4 21. Ndc3 Bxd3 22.
Qxd3 dxe4 23. fxe4 Red8 24. e5 Nd5 25. Rd1 Nxc3 26. bxc3 Qb7 27. Rb1 c5 28. Qc4
Rab8 29. Rfd1 cxd4 30. cxd4 Rdc8 31. Qd3 Qd5 32. Nc3 Qa5 33. Ne4 Nf4 34. Qf3 Nd5
35. Rxb3 Qa2 36. Rxb8 Rxb8 37. Nc3 Nxc3 38. Qxc3 Rb2 39. Qc8+ Kh7 40. Qf5+ Kg8
41. Rc1 g6 42. Qf3 Rb3 43. Qe4 Rb2 44. Rf1 Rd2 45. Be3 Re2 46. Qf3 Qc4 47. Kh2
Rxe3 48. Qxe3 Qxf1 49. Qxh6 Qf2 50. d5 Bh4 51. Qc1 Bg3+ 52. Kh1 Bxe5 0-1

[Event "World Rapid Team 2023"]
[Site "Dusseldorf GER"]
[Date "2023.08.26"]
[Round "1.11"]
[Board "1"]
[White "Rendle, Thomas E"]
[Black "Rabiega, Robert"]
[Result "1-0"]
[WhiteTitle "IM"]
[BlackTitle "GM"]
[WhiteElo "2385"]
[BlackElo "2468"]
[WhiteTeam "The Sharks"]
[BlackTeam "Berlin Chess Federation"]
[WhiteFideId "408760"]
[BlackFideId "4601475"]
[EventDate "2023.08.26"]

1. d4 d5 2. c4 e6 3. Nf3 c5 4. cxd5 exd5 5. g3 Nc6 6. Bg2 Nf6 7. O-O Be7 8. dxc5
Bxc5 9. Nc3 O-O 10. Na4 Be7 11. Be3 Ne4 12. Rc1 Re8 13. Nd4 Bd7 14. Nb3 Be6 15.
Nac5 Nxc5 16. Nxc5 Bxc5 17. Bxc5 d4 18. b4 Bd5 19. Bxd5 Qxd5 20. b5 Ne5 21. Bxd4
Qxa2 22. Bxe5 Rxe5 23. Qd7 h5 24. Qxb7 Rae8 25. e3 h4 26. Ra1 Qc4 27. Qc6 Qg4
28. Rxa7 hxg3 29. hxg3 R8e6 30. Qc8+ Kh7 31. Rxf7 Rh5 32. Qc2+ Rg6 33. Rd1 Qh3
34. Qe4 Rxb5 35. Rd6 Rg5 36. Rxg6 Rxg6 37. Qh1 1-0

[Event "World Rapid Team 2023"]
[Site "Dusseldorf GER"]
[Date "2023.08.26"]
[Round "1.11"]
[Board "2"]
[White "Baskin, Robert"]
[Black "Roberson, Peter T"]
[Result "1/2-1/2"]
[WhiteTitle "IM"]
[BlackTitle "IM"]
[WhiteElo "2451"]
[BlackElo "2433"]
[WhiteTeam "Berlin Chess Federation"]
[BlackTeam "The Sharks"]
[WhiteFideId "24662402"]
[BlackFideId "412384"]
[EventDate "2023.08.26"]

1. e4 e6 2. d4 d5 3. Nc3 Nf6 4. Bg5 h6 5. Bxf6 Qxf6 6. a3 c6 7. Nf3 Qd8 8. Bd3
Be7 9. O-O O-O 10. Qd2 Nd7 11. Rad1 b5 12. Ne2 Nb6 13. Ng3 Nc4 14. Qc1 Re8 15.
e5 c5 16. c3 cxd4 17. cxd4 a5 18. Nh5 Ba6 19. Bb1 b4 20. Qc2 g6 21. Nf4 b3 22.
Qxb3 Qb8 23. Qc2 Qxb2 24. Nxg6 Qxc2 25. Nxe7+ Rxe7 26. Bxc2 Nxa3 27. Bd3 Bxd3
28. Rxd3 Nc4 29. Nd2 Nxd2 30. Rxd2 a4 31. Ra1 Rc7 32. Kf1 Rc4 33. Ra3 Rb8 34.
Ke2 Rb1 35. Kd3 Kf8 36. Rc3 Rxc3+ 37. Kxc3 Rb3+ 38. Kc2 Kg7 39. Rd3 Rb4 40. g4
f6 41. exf6+ Kxf6 42. f4 Rc4+ 43. Kb2 Kg6 44. Re3 Kf6 45. Rd3 Kf7 46. h4 Kf6 47.
g5+ hxg5 48. fxg5+ Kg6 49. Ka3 Kh5 50. Re3 Rxd4 51. Rxe6 Rxh4 52. g6 Kh6 53. Rd6
Rd4 54. Kb2 Rb4+ 55. Ka3 Rd4 56. Kb2 Kg7 57. Ka3 Kf8 58. Rd7 Kg8 59. g7 Rg4 60.
Rxd5 Kxg7 61. Ra5 Kf7 62. Rxa4 Rxa4+ 63. Kxa4 1/2-1/2

[Event "World Rapid Team 2023"]
[Site "Dusseldorf GER"]
[Date "2023.08.26"]
[Round "1.11"]
[Board "3"]
[White "Moreby, James"]
[Black "Lagunow, Raphael"]
[Result "1/2-1/2"]
[WhiteTitle "FM"]
[BlackTitle "IM"]
[WhiteElo "2279"]
[BlackElo "2413"]
[WhiteTeam "The Sharks"]
[BlackTeam "Berlin Chess Federation"]
[WhiteFideId "427756"]
[BlackFideId "24652644"]
[EventDate "2023.08.26"]

1. c4 Nf6 2. Nc3 g6 3. e4 d6 4. d4 Bg7 5. Be2 O-O 6. Be3 e5 7. d5 a5 8. g4 Na6
9. h4 Nc5 10. f3 h5 11. g5 Nh7 12. Qd2 f6 13. gxf6 Bxf6 14. O-O-O Bd7 15. Nh3
Kh8 16. Rdg1 Rg8 17. Ng5 Qe7 18. Rg2 Raf8 19. Rhg1 Nxg5 20. hxg5 Bg7 21. Rh1 Be8
22. Kb1 Kh7 23. Nd1 b6 24. Nf2 Rf4 25. Ng4 Qxg5 26. Rgg1 Rgf8 27. Nf2 Qf6 28.
Nh3 Kh8 29. Rd1 g5 30. Rdg1 g4 31. fxg4 Nxe4 32. Qc1 Bg6 33. Ka1 a4 34. gxh5 Bh7
35. Bd3 a3 36. Rxg7 Qxg7 37. Rg1 Qf6 38. Bxe4 Rxe4 39. Ng5 axb2+ 40. Kxb2 Rh4
41. Ne6 Rg8 42. Rf1 Rh2+ 43. Kb3 Qh4 44. Bg5 Qg3+ 45. Kb4 Rxg5 46. Nxg5 Rxh5 47.
Nf7+ Kg7 48. Rg1 Qxg1 49. Qxg1+ Kxf7 50. Qg4 Rf5 51. Qh4 Kg6 52. Qg4+ Kh6 53.
Qh4+ Kg7 54. Qe7+ Rf7 55. Qg5+ Bg6 56. a4 Rf6 57. Kb5 Rf5 58. Qe7+ Rf7 59. Qg5
Rf5 60. Qe7+ Rf7 61. Qg5 Kh7 62. Qh4+ Kg7 63. Qg5 e4 64. Kc6 Rf5 65. Qe7+ Rf7
66. Qg5 Rf5 1/2-1/2

[Event "World Rapid Team 2023"]
[Site "Dusseldorf GER"]
[Date "2023.08.26"]
[Round "1.11"]
[Board "4"]
[White "Paehtz, Elisabeth"]
[Black "Purton, Ben J"]
[Result "0-1"]
[WhiteTitle "GM"]
[WhiteElo "2471"]
[BlackElo "2163"]
[WhiteTeam "Berlin Chess Federation"]
[BlackTeam "The Sharks"]
[WhiteFideId "4641833"]
[BlackFideId "411132"]
[EventDate "2023.08.26"]

1. c4 c5 2. Nf3 Nf6 3. Nc3 Nc6 4. d4 cxd4 5. Nxd4 g6 6. g3 Bg7 7. Nc2 O-O 8. Bg2
d6 9. O-O Be6 10. b3 Rc8 11. Bb2 a6 12. Qd2 Qa5 13. a3 Qh5 14. Nd5 Bxd5 15. cxd5
Na5 16. Nd4 b6 17. e4 Rfe8 18. h3 e5 19. g4 Nxg4 20. hxg4 Qxg4 21. Nc6 Nxb3 22.
Qe3 Nxa1 23. Rxa1 f5 24. Kf1 b5 25. Bh3 Qh5 26. exf5 gxf5 27. Qd3 e4 28. Qg3 Rc7
29. Nd4 Kh8 30. Bxf5 Rc4 31. Bd7 Re7 32. Bg4 Qf7 33. Rd1 Be5 34. Qe3 Qf6 35. Be2
Qh4 36. Bxc4 bxc4 37. Bc3 Qh1+ 38. Ke2 Qh5+ 39. Kd2 Rf7 40. Kc2 h6 41. Rd2 Qg4
42. Qxh6+ Kg8 43. Qe3 Qg6 44. Re2 Rf4 45. Rd2 Rf7 46. Kb2 Bf4 47. Qe2 Bxd2 48.
Qxd2 Rb7+ 49. Ka2 e3 50. Qd1 exf2 51. Nc6 Qg1 0-1

[Event "World Rapid Team 2023"]
[Site "Dusseldorf GER"]
[Date "2023.08.26"]
[Round "1.11"]
[Board "5"]
[White "Ivanov, Elizabeth"]
[Black "Meyer-Dunker, Paul"]
[Result "1/2-1/2"]
[WhiteElo "1601"]
[BlackElo "2055"]
[WhiteTeam "The Sharks"]
[BlackTeam "Berlin Chess Federation"]
[WhiteFideId "427284"]
[BlackFideId "24657280"]
[EventDate "2023.08.26"]

1. e4 e5 2. Nf3 Nc6 3. d4 exd4 4. Bc4 Bc5 5. O-O d6 6. c3 d3 7. Qxd3 Nf6 8. Bg5
O-O 9. Nbd2 Bg4 10. b4 Bb6 11. a4 a5 12. b5 Ne5 13. Nxe5 dxe5 14. Qg3 Be6 15.
Bxe6 fxe6 16. Qxe5 Qe8 17. Nf3 Ng4 18. Qg3 Qh5 19. Bf4 e5 20. Bxe5 Rxf3 21. Qxf3
Rf8 22. Qe2 Qxe5 23. Qxg4 Qxc3 24. Rad1 h6 25. Rd7 Rxf2 26. Rxg7+ Qxg7 27. Qxg7+
Kxg7 28. Rxf2 Kg6 29. Kf1 Bxf2 30. Kxf2 c5 31. b6 Kf6 32. Ke3 Ke5 33. Kd3 h5 34.
Kc4 Kd6 35. g3 Kc6 36. e5 Kxb6 37. h3 Kc6 38. g4 hxg4 39. hxg4 b6 40. g5 Kd7 41.
g6 Ke6 42. Kc3 Ke7 43. Kc4 Ke6 44. Kc3 Ke7 1/2-1/2

[Event "World Rapid Team 2023"]
[Site "Dusseldorf GER"]
[Date "2023.08.26"]
[Round "1.12"]
[Board "1"]
[White "Aravindh, Chithambaram VR."]
[Black "Shamsi, Mohammadhossein"]
[Result "1-0"]
[WhiteTitle "GM"]
[BlackTitle "CM"]
[WhiteElo "2645"]
[BlackElo "2217"]
[WhiteTeam "Six-pack"]
[BlackTeam "PhileKhoob Chess Club"]
[WhiteFideId "5072786"]
[BlackFideId "12507326"]
[EventDate "2023.08.26"]

1. e4 c5 2. Nf3 d6 3. c3 Nf6 4. h3 Nc6 5. Bd3 e5 6. Bc2 Be7 7. d4 O-O 8. O-O h6
9. d5 Nb8 10. a4 b6 11. Nbd2 Re8 12. Re1 Bf8 13. Nc4 Nbd7 14. Bd3 a6 15. b4 cxb4
16. cxb4 Bb7 17. Bf1 g6 18. Ba3 Rc8 19. Nfd2 h5 20. b5 Nc5 21. Bxc5 Rxc5 22. Nb3
Rc8 23. a5 Nd7 24. bxa6 Bxa6 25. Nxb6 Bxf1 26. Nxc8 Bc4 27. Na7 Qb8 28. Nd2 Ba6
29. Nc6 Qc7 30. Nb4 Bb5 31. Nb3 Qc4 32. Nc6 Ra8 33. Nd2 Qc5 34. Rc1 Qa3 35. Re3
Qa2 36. Ra1 Ba4 37. Rxa2 Bxd1 38. Re1 1-0

[Event "World Rapid Team 2023"]
[Site "Dusseldorf GER"]
[Date "2023.08.26"]
[Round "1.12"]
[Board "2"]
[White "Juegel, Marcel"]
[Black "Mohammad, Nubairshah Shaikh"]
[Result "0-1"]
[BlackTitle "IM"]
[WhiteElo "2164"]
[BlackElo "2430"]
[WhiteTeam "PhileKhoob Chess Club"]
[BlackTeam "Six-pack"]
[WhiteFideId "24621625"]
[BlackFideId "5053196"]
[EventDate "2023.08.26"]

1. d4 Nf6 2. Nc3 d5 3. Bf4 g6 4. e3 Bg7 5. h4 h5 6. Nb5 Na6 7. Nf3 c6 8. Nc3 Qb6
9. a3 Bf5 10. b4 Ne4 11. Nxe4 Bxe4 12. Ng5 Bf5 13. Bd3 Bxd3 14. Qxd3 Nc7 15. O-O
O-O 16. c3 a5 17. Nf3 Qb5 18. Qc2 Ne6 19. Be5 axb4 20. axb4 Ra6 21. Rxa6 Qxa6
22. Bxg7 Nxg7 23. e4 Ra8 24. Re1 e6 25. exd5 cxd5 26. Ne5 Nf5 27. g3 Qa3 28. Qc1
Kg7 29. Qxa3 Rxa3 30. Rc1 Nd6 31. Kg2 b5 32. f3 Ra2+ 33. Kh3 Ra3 34. Nd3 Nc4 35.
Nc5 Ra2 36. Nd3 Re2 37. g4 Re3 38. Ne1 hxg4+ 39. Kxg4 Kh6 40. Ng2 Re2 41. Kg3
Ra2 42. Nf4 Ne3 43. Nd3 Kg7 44. Kh3 Kf6 45. Kg3 Nf5+ 46. Kh3 Ra8 47. Kg4 Ra2 48.
Kh3 Ra3 49. Ne5 Ra8 50. Kg4 Ra2 51. Kh3 Kg7 52. Nd3 Re2 53. Kg4 Rh2 54. f4 Rxh4+
55. Kf3 Rh3+ 56. Ke2 Ng3+ 57. Kd2 Ne4+ 58. Kc2 Rh2+ 59. Kb3 Nd2+ 60. Ka2 Nc4+
61. Ka1 Kf6 62. Ne5 Rh4 63. Nd7+ Ke7 64. Ne5 Rxf4 65. Nc6+ Kd7 66. Na7 Nd6 67.
Rh1 Kc7 68. Rh8 Rf1+ 0-1

[Event "World Rapid Team 2023"]
[Site "Dusseldorf GER"]
[Date "2023.08.26"]
[Round "1.12"]
[Board "3"]
[White "Karthik, Venkataraman"]
[Black "Kuckling, Hannah"]
[Result "1-0"]
[WhiteTitle "GM"]
[BlackTitle "WFM"]
[WhiteElo "2562"]
[BlackElo "2057"]
[WhiteTeam "Six-pack"]
[BlackTeam "PhileKhoob Chess Club"]
[WhiteFideId "25006479"]
[BlackFideId "24603660"]
[EventDate "2023.08.26"]

1. Nf3 Nf6 2. c4 d6 3. d4 g6 4. Nc3 Bg7 5. e4 O-O 6. Be2 Nbd7 7. Be3 e5 8. d5
Nh5 9. g3 a5 10. Nd2 Nhf6 11. g4 Nc5 12. h4 Bd7 13. h5 c6 14. a4 cxd5 15. cxd5
Rc8 16. Kf1 Qe7 17. Kg2 Ne8 18. Nc4 f5 19. Nb6 Rb8 20. hxg6 hxg6 21. Bxc5 dxc5
22. d6 Nxd6 23. Nxd7 Qxd7 24. Bc4+ Rf7 25. Bxf7+ Kxf7 26. gxf5 gxf5 27. Qh5+ Ke7
28. Qg5+ Kf8 29. Rh7 1-0

[Event "World Rapid Team 2023"]
[Site "Dusseldorf GER"]
[Date "2023.08.26"]
[Round "1.12"]
[Board "4"]
[White "Bahmani, Koorosh"]
[Black "Pranesh, M"]
[Result "0-1"]
[BlackTitle "GM"]
[WhiteElo "1873"]
[BlackElo "2503"]
[WhiteTeam "PhileKhoob Chess Club"]
[BlackTeam "Six-pack"]
[WhiteFideId "42576750"]
[BlackFideId "35028600"]
[EventDate "2023.08.26"]

1. Nf3 Nf6 2. g3 d5 3. Bg2 c6 4. c4 dxc4 5. a4 Nbd7 6. Qc2 e5 7. Qxc4 Nc5 8. Ng5
Ne6 9. d3 h6 10. Nf3 Bd6 11. Nbd2 a5 12. O-O O-O 13. b3 Re8 14. Bb2 Nc7 15. Rfd1
Ncd5 16. Rac1 Bc7 17. Qc2 Bf5 18. Nc4 e4 19. dxe4 Nxe4 20. Nh4 Bh7 21. Rd4 Nxg3
22. e4 Ne2+ 23. Qxe2 Qxh4 24. h3 Nf4 25. Qg4 Qxg4 26. hxg4 Ne2+ 27. Kf1 Nxd4 28.
Bxd4 Bxe4 29. Bxe4 Rxe4 30. Bc3 Rd8 31. Nxa5 Bxa5 32. Bxa5 Rd5 33. Be1 Rxg4 34.
b4 h5 35. Rc2 Rf5 36. Re2 h4 37. Re3 g5 38. Bc3 Kh7 39. Re8 Rc4 40. Be1 h3 41.
Re7 Rg4 42. Re3 Rh4 43. Kg1 h2+ 44. Kh1 Kg6 45. a5 Rff4 46. f3 Rh3 0-1

[Event "World Rapid Team 2023"]
[Site "Dusseldorf GER"]
[Date "2023.08.26"]
[Round "1.12"]
[Board "5"]
[White "Priyanka, Nutakki"]
[Black "Shahsanam, Alireza"]
[Result "1-0"]
[WhiteTitle "WGM"]
[WhiteElo "2283"]
[BlackElo "1782"]
[WhiteTeam "Six-pack"]
[BlackTeam "PhileKhoob Chess Club"]
[WhiteFideId "25049615"]
[BlackFideId "12517887"]
[EventDate "2023.08.26"]

1. d4 Nf6 2. Nf3 g6 3. c4 Bg7 4. Nc3 d6 5. Bg5 h6 6. Bd2 Nc6 7. d5 Nb8 8. e4 e5
9. Qc1 c6 10. Be2 Nbd7 11. O-O Nc5 12. Qc2 cxd5 13. cxd5 O-O 14. b4 Na6 15. a3
Bd7 16. h3 Rc8 17. Rfc1 Nh5 18. Be3 Nf4 19. Bf1 f5 20. Nd2 fxe4 21. Ndxe4 Nxd5
22. Qb3 Be6 23. Nxd5 Nc7 24. Bc4 Bxd5 25. Bxd5+ Kh7 26. Bxb7 Rb8 27. Bd5 a5 28.
Rc6 Nxd5 29. Qxd5 axb4 30. Rxd6 Qe8 31. axb4 Rxb4 32. Rd7 Rxe4 33. Raa7 Rg8 34.
Qxe4 1-0